| 000 | 00677nam a2200229Ia 4500 | ||
|---|---|---|---|
| 001 | 15150 | ||
| 003 | GE_BSU | ||
| 008 | 181216s||||||||xx |||||||||||||| ||und|| | ||
| 040 | _cGE_BSU | ||
| 080 | _a82-93+821.353.1-32 | ||
| 100 | _aლალიონი,ა. | ||
| 245 | _aრაქვიანა. | ||
| 245 | _bმოთხრობა | ||
| 245 | _cწინას. ავტ.ა.სულავა. რედ. ალ. სულავა | ||
| 260 | _aთბილისი | ||
| 260 | _bსაბლიტგამი | ||
| 260 | _c1940 | ||
| 300 | _a32გვ.16სმ. | ||
| 653 | _aმოთხრობა | ||
| 653 | _aრაქვიანა. | ||
| 942 | _cBK | ||
| 999 |
_c48265 _d48265 |
||